| 000 | 01286nac a22002891u 4500 | ||
|---|---|---|---|
| 010 | _a 98020166 | ||
| 020 | _a0521442354 (hardbound) | ||
| 020 | _a0521447461 (paperback) | ||
| 082 | 0 | 0 |
_a327.1072 _bVAS |
| 090 |
_c8577 _d8577 |
||
| 100 | _aVasquez, John A., | ||
| 245 | 1 | 4 |
_aThe power of power politics : _bfrom classical realism to neotraditionalism / _cJohn A. Vasquez. |
| 250 | _a[New ed., enl.]. | ||
| 260 |
_aCambridge, UK ; _aNew York : _bCambridge University Press,C.1998. _cC.1998. |
||
| 300 |
_axv, 448 p. : _bill. ; _c24 cm. |
||
| 440 | 0 |
_aCambridge studies in international relations ; _v63 |
|
| 500 | _aDistributer: Baccah. | ||
| 504 | _aIncludes bibliographical references (p. 387-432) and indexes. | ||
| 511 | _aCatalogued By: Mahitab. | ||
| 650 | 0 |
_aInternational relations _xResearch. |
|
| 650 | 0 |
_aBalance of power _xResearch. |
|
| 856 | 4 | 1 |
_3Sample text _uhttp://www.loc.gov/catdir/samples/cam032/98020166.html |
| 856 | 4 | 1 |
_3Publisher description _uhttp://www.loc.gov/catdir/description/cam029/98020166.html |
| 856 | 4 | 1 |
_3Table of Contents _uhttp://lcweb.loc.gov/catdir/toc/98020166.html |
| 942 |
_cBB _k327.1072VAS |
||
| 999 |
_c8577 _d8577 |
||